[Event "BOL-ch U16"]
[Site "Cochabamba"]
[Date "2023.01.15"]
[Round "7"]
[White "Vasquez Bonifacio, Lukas Mathyas"]
[Black "Villegas Colque, Joel Francisco"]
[Result "1-0"]
[WhiteElo "1140"]
[BlackElo "1155"]
[PlyCount "30"]
[EventDate "2023.01.13"]
[EventType "swiss"]
[EventRounds "7"]
[EventCountry "BOL"]
[SourceTitle "EXT 2024"]
[Source "ChessBase"]
[SourceDate "2023.10.10"]
[SourceVersion "1"]
[SourceVersionDate "2023.10.10"]
[SourceQuality "1"]

1. d4 g6 2. Nf3 Bg7 3. e3 Nf6 4. c4 d6 5. Bd3 Nc6 6. Nc3 Nb4 7. Qa4+ Nc6 8. 0-0 Bd7 9. Qd1 0-0 10. a3 e5 11. dxe5 Nxe5 12. Nxe5 dxe5 13. e4 Bg4 14. f3 Qd4+ 15. Kh1 Be6 1-0

[Event "BOL-ch U16"]
[Site "Cochabamba"]
[Date "2023.01.14"]
[Round "5"]
[White "Villazon Zeballos, Manuel"]
[Black "Vasquez Bonifacio, Lukas Mathyas"]
[Result "1-0"]
[WhiteElo "1353"]
[BlackElo "1140"]
[PlyCount "30"]
[EventDate "2023.01.13"]
[EventType "swiss"]
[EventRounds "7"]
[EventCountry "BOL"]
[SourceTitle "EXT 2024"]
[Source "ChessBase"]
[SourceDate "2023.10.10"]
[SourceVersion "1"]
[SourceVersionDate "2023.10.10"]
[SourceQuality "1"]

1. d4 Nf6 2. e3 g6 3. Bd3 Bg7 4. Nf3 0-0 5. 0-0 d6 6. Nbd2 Nbd7 7. Re1 Re8 8. c3 b6 9. e4 e5 10. d5 Nc5 11. Bc2 Bg4 12. b4 Ncd7 13. Ba4 Rb8 14. Qe2 Qc8 15. Bb5 a5 1-0